Semiconductor Physics and Optoelectronics (Record no. 164543)

MARC details
000 -LEADER
fixed length control field 00485nam a2200193Ia 4500
008 - FIXED-LENGTH DATA ELEMENTS--GENERAL INFORMATION
fixed length control field 240823s9999||||xx |||||||||||||| ||und||
020 ## - INTERNATIONAL STANDARD BOOK NUMBER
International Standard Book Number 81-259-1448-X
082 ## - DEWEY DECIMAL CLASSIFICATION NUMBER
-- 621.38152 P2
100 ## - MAIN ENTRY--PERSONAL NAME
Personal name Rajendran V et al.
245 #0 - TITLE STATEMENT
Title Semiconductor Physics and Optoelectronics
250 ## - EDITION STATEMENT
Edition statement 1st
260 ## - PUBLICATION, DISTRIBUTION, ETC. (IMPRINT)
Date of publication, distribution, etc 2005
Name of publisher, distributor, etc "Aassaan eduCare,Chennai"
500 ## - GENERAL NOTE
General note YES
650 ## - SUBJECT ADDED ENTRY--TOPICAL TERM
Topical term or geographic name as entry element Semicomductor
942 ## - ADDED ENTRY ELEMENTS (KOHA)
Item type Books
Holdings
Withdrawn status Lost status Damaged status Permanent location Current location Date acquired Source of acquisition Cost, normal purchase price Full call number Barcode Date last seen Koha item type
      CENTRAL LIBRARY, NOORUL ISLAM CENTRE FOR HIGHER EDUCATION CENTRAL LIBRARY, NOORUL ISLAM CENTRE FOR HIGHER EDUCATION 05/09/2003 Higginbothams Private Ltd 150.00 621.38152 P2 19355 08/23/2024 Books
Visitors:
Copyright © 2024 Central Library NICHE.  All rights reserved.